| 000 | 01656 a2200265 4500 | ||
|---|---|---|---|
| 001 | 24344 | ||
| 005 | 20260407155527.0 | ||
| 008 | 260407a2012 arg spa d | ||
| 003 | AR-UNSa-BCEJYS | ||
| 040 |
_aAR-UNSa-BCEJYS _bspa _cAR-UNSa-BCEJYS |
||
| 080 |
_a330.43 _xEconometría |
||
| 245 | 1 | 0 | _aIntroducción a la econometría |
| 020 | _a978-84-8322-877-7 | ||
| 250 | _a3a. ed. | ||
| 264 | 1 |
_aMadrid : _bPearson Educación _c2012 |
|
| 300 |
_axxxiv, 561 p. _c27 cm. |
||
| 505 | _a1. Cuestiones económicas y datos - 2. Repaso de probabilidad - 3. Repaso de estadística - 4. Regresión lineal con regresor único - 5. Regresión con regresor único: contrastes de hipótesis e intervalos de confianza en regresión múltiple - 6. Regresión lineal con varios regresores - 7. Contrastes de hipótesis e intervalos de confianza en regresión múltiple - 8. Funciones de regresión no lineales - 9. Evaluación de estudios basados en regresión múltiple - 10. Regresión con datos de panel - 11. Regresión con variable dependiente binaria - 12. Regresión con variables instrumentales - 13. Experimentos y cuasi experimentos - 14. Introducción a la regresión de series temporales y predicción - 15. Estimación de efectos causales dinámicos - 16. Otros temas relacionados con la regresión en series temporales - 17. Teoría de regresión lineal con regresor único - 18. Teoría de regresión múltiple | ||
| 942 | _cBK | ||
| 590 | _aniveau_biblio:m niveau_hierar:0 | ||
| 100 | 1 | _aStock, James H. | |
| 700 | 1 | _aWatson, Mark W. | |
| 700 | 1 | _aArrazola Vacas, María | |
| 700 | 1 | _aRodas Alfaya, Leticia | |
| 700 | 1 | _aSánchez Larrión, Raúl | |
| 999 |
_c1174 _d1174 |
||